The Society of history and Archaeology of Hunedoara County at the beginning of the 20th century
Elmentve itt :
| Szerzők: | |
|---|---|
| Testületi szerző: | |
| Dokumentumtípus: | Könyv része |
| Megjelent: |
Szegedi Tudományegyetem Régészeti Tanszék; Jósa András Múzeum
Szeged ; Nyíregyháza
2022
|
| Sorozat: | Monográfiák a Szegedi Tudományegyetem Régészeti Tanszékéről
10 "We should not, however, think that we are pioneers" : museums on troubled waters in the past and today : international online conference on museum history 10 |
| Kulcsszavak: | Hunyad Megyei Történeti és Régészeti Társaság története - 20. sz., Régészet története - 20. sz. |
| Tárgyszavak: | |
| Online Access: | http://acta.bibl.u-szeged.hu/76978 |
| LEADER | 01368naa a2200253 i 4500 | ||
|---|---|---|---|
| 001 | acta76978 | ||
| 005 | 20221110092614.0 | ||
| 008 | 221110s2022 hu o 1|| eng d | ||
| 020 | |a 978-615-5619-25-0 | ||
| 022 | |a 2062-9877 | ||
| 040 | |a SZTE Egyetemi Kiadványok Repozitórium |b hun | ||
| 041 | |a eng | ||
| 100 | 1 | |a Bodó Cristina | |
| 245 | 1 | 4 | |a The Society of history and Archaeology of Hunedoara County at the beginning of the 20th century |h [elektronikus dokumentum] / |c Bodó Cristina |
| 260 | |a Szegedi Tudományegyetem Régészeti Tanszék; Jósa András Múzeum |b Szeged ; Nyíregyháza |c 2022 | ||
| 300 | |a 29-40 | ||
| 490 | 0 | |a Monográfiák a Szegedi Tudományegyetem Régészeti Tanszékéről |v 10 | |
| 490 | 0 | |a "We should not, however, think that we are pioneers" : museums on troubled waters in the past and today : international online conference on museum history |v 10 | |
| 650 | 4 | |a Bölcsészettudományok | |
| 650 | 4 | |a Történettudomány és régészet | |
| 695 | |a Hunyad Megyei Történeti és Régészeti Társaság története - 20. sz., Régészet története - 20. sz. | ||
| 700 | 0 | 1 | |a Codrea Ionuț-Cosmin |e aut |
| 711 | |a "We should not, however, think that we are pioneers" : museums on troubled waters in the past and today |c Online |d 2021 | ||
| 856 | 4 | 0 | |u http://acta.bibl.u-szeged.hu/76978/1/regeszeti_monografiak_010_2_029-040.pdf |z Dokumentum-elérés |